00541nam a2200193Ia 4500003000400000005001700004008004100021020002200062040000700084041000800091082002200099100001900121245008900140250001300229260004400242300001200286365001400298650003500312OSt20230612160017.0210423s2009 xx 000 0 und d a978-0-19-532105-0 cAL aeng a791.43 223bMONH aMONACO (James) aHow to read a film: movies media and beyond bArt technology language history theory a4th rev. aNew YorkbOxford University Pressc2009 a729bPB b2100cINR aRecreational & Performing Arts